TheIllusions of Progress : (Record no. 1680)
[ view plain ]
| 000 -LEADER | |
|---|---|
| fixed length control field | 00599cac a22001691u 4500 |
| 008 - FIXED-LENGTH DATA ELEMENTS--GENERAL INFORMATION | |
| fixed length control field | 081112t1969 cau|||||r|||| 001 0 eng d |
| 010 ## - LIBRARY OF CONGRESS CONTROL NUMBER | |
| LC control number | 69016511 |
| 020 ## - INTERNATIONAL STANDARD BOOK NUMBER | |
| International Standard Book Number | 0520022564 |
| 082 00 - DEWEY DECIMAL CLASSIFICATION NUMBER | |
| Classification number | 301.245 |
| Item number | SOR |
| Edition number | 22 |
| 245 14 - TITLE STATEMENT | |
| Title | TheIllusions of Progress : |
| Statement of responsibility, etc | Translated by John and Charlotte Stanley with a foreword by Robert A. Nisbet and an introd. by John Stanley. |
| 260 ## - PUBLICATION, DISTRIBUTION, ETC. (IMPRINT) | |
| Place of publication, distribution, etc | Berkeley, |
| Name of publisher, distributor, etc | University of California Press, |
| Date of publication, distribution, etc | c1969. |
| 300 ## - PHYSICAL DESCRIPTION | |
| Extent | li, 222 p. |
| Dimensions | 24 cm. |
| 500 ## - GENERAL NOTE | |
| General note | Donations. |
| 500 ## - GENERAL NOTE | |
| General note | Donations - Dr. Mostafa Gouda. |
| 504 ## - BIBLIOGRAPHY, ETC. NOTE | |
| Bibliography, etc | Bibliographical footnotes. |
| 942 ## - ADDED ENTRY ELEMENTS (KOHA) | |
| Item type | Book - Borrowing |
| Call number prefix | 301.245SOR |
| Source of classification or shelving scheme | Dewey Decimal Classification |
| Withdrawn status | Item status | Source of classification or shelving scheme | Damaged status | Not for loan | Home library | Current library | Shelving location | Date acquired | Source of acquisition | Total Checkouts | Total Renewals | Full call number | Barcode | Date last seen | Date last borrowed | Koha item type |
|---|---|---|---|---|---|---|---|---|---|---|---|---|---|---|---|---|
| Dewey Decimal Classification | Central Library | Central Library | First floor | 04/12/2006 | Purchase | 1 | 2 | 301.245 SOR | 000002660 | 15/07/2025 | 26/04/2009 | Book - Borrowing |